000 00890 a2200445 4500
000 BKB
001 070581
005 20200902150842.0
008
010 _a
020 _a
082 _a658.1592
_bB27P
100 1 _aBarrow, Colin
110 _a
245 1 _aPractical financial management
_cby Colin Barrow
250 _a7th ed.
260 _aNew Delhi
_bKogan Page
_c2010
300 _a196p.
490 _a
_v
500 _a
600 _a
610 _a
611 _a
630 _a
650 _a
651 _a
654 _a
690 _aSmall business--Finance; Business enterprises--Finance
700 _a
_b
_c
710 _a
_b
_c
711 _a
720 _a
730 _a
740 _a
752 _a
856 _a
_d
_f
904 _a
964 _a
_b
_c
_d
_e
_f
_g
965 _a
999 _c4012
_d4012